Aftermath / (Record no. 353320)
[ view plain ]
| 000 -LEADER | |
|---|---|
| fixed length control field | 01017 a2200277 4500 |
| 003 - CONTROL NUMBER IDENTIFIER | |
| control field | OSt |
| 005 - DATE AND TIME OF LATEST TRANSACTION | |
| control field | 20180116192401.0 |
| 008 - FIXED-LENGTH DATA ELEMENTS--GENERAL INFORMATION | |
| fixed length control field | 120703t xxu||||| |||| 00| 0 eng d |
| 010 ## - LIBRARY OF CONGRESS CONTROL NUMBER | |
| LC control number | 013543586 |
| 020 ## - INTERNATIONAL STANDARD BOOK NUMBER | |
| International Standard Book Number | 0714846554 |
| 020 ## - INTERNATIONAL STANDARD BOOK NUMBER | |
| International Standard Book Number | 9780714846552 |
| 040 ## - CATALOGING SOURCE | |
| Transcribing agency | 0 |
| 082 ## - DEWEY DECIMAL CLASSIFICATION NUMBER | |
| Classification number | 974.71 |
| 100 ## - MAIN ENTRY--PERSONAL NAME | |
| Personal name | Meyerowitz, Joel |
| 9 (RLIN) | 5523 |
| 245 10 - TITLE STATEMENT | |
| Title | Aftermath / |
| Statement of responsibility, etc. | Joel Meyerowitz ; World Trade Center Archive. |
| 260 ## - PUBLICATION, DISTRIBUTION, ETC. | |
| Place of publication, distribution, etc. | New York : |
| Name of publisher, distributor, etc. | Phaidon Press, |
| Date of publication, distribution, etc. | c2006. |
| 300 ## - PHYSICAL DESCRIPTION | |
| Extent | 349 p. (some folded) : |
| Other physical details | col. ill. ; |
| Dimensions | 40 cm. |
| 500 ## - GENERAL NOTE | |
| General note | Includes indexes. |
| 610 20 - SUBJECT ADDED ENTRY--CORPORATE NAME | |
| Corporate name or jurisdiction name as entry element | World Trade Center (New York, N.Y.) |
| General subdivision | Pictorial works. |
| 9 (RLIN) | 5524 |
| 650 10 - SUBJECT ADDED ENTRY--TOPICAL TERM | |
| Topical term or geographic name entry element | September 11 Terrorist Attacks, 2001 |
| General subdivision | Pictorial works. |
| 9 (RLIN) | 5525 |
| 650 10 - SUBJECT ADDED ENTRY--TOPICAL TERM | |
| Topical term or geographic name entry element | Terrorism |
| Geographic subdivision | New York (State) |
| -- | New York |
| General subdivision | Pictorial works. |
| 9 (RLIN) | 5526 |
| 650 10 - SUBJECT ADDED ENTRY--TOPICAL TERM | |
| Topical term or geographic name entry element | Oversize books |
| General subdivision | Specimens. |
| 9 (RLIN) | 5527 |
| 651 0# - SUBJECT ADDED ENTRY--GEOGRAPHIC NAME | |
| Geographic name | World Trade Center Site (New York, N.Y.) |
| General subdivision | Pictorial works. |
| 9 (RLIN) | 5528 |
| 942 ## - ADDED ENTRY ELEMENTS (KOHA) | |
| Institution code [OBSOLETE] | SADA |
| Koha item type | Reference |
| Call number prefix | REF 974.71 MEY 2006 |
| Source of classification or shelving scheme | |
| 952 ## - LOCATION AND ITEM INFORMATION (KOHA) | |
| -- | REF |
| Withdrawn status | Lost status | Source of classification or shelving scheme | Damaged status | Not for loan | Permanent Location | Current Location | Date acquired | Total Checkouts | Full call number | Barcode | Date last seen | Cost, replacement price | Price effective from | Koha item type |
|---|---|---|---|---|---|---|---|---|---|---|---|---|---|---|
| School of Art Design and Architecture (SADA) | School of Art Design and Architecture (SADA) | 06/30/2011 | REF 974.71 MEY 2006 | SADA0001536 | 08/05/2011 | 4329.00 | 08/05/2011 | Reference |
